LEADER 00677nam0 2200241 450 001 000003521 005 20050630115900.0 010 $a88-14-08565-X 100 $a--------d2001----km-y0itay50------ba 101 $aita 102 $aIT 200 1 $aCorso di diritto agrario$fLuigi Costato 210 $aMilano$cGiuffrè$d2001 215 $aXII, 108 p.$d24 cm 307 $aSegue : appendice legislativa 610 1 $aDiritto agrario 676 $a343.45076 700 1$aCostato,$bLuigi$0227701 801 0$aIT $bUNIPARTHENOPE $gRICA $2UNIMARC 912 $a000003521 951 $cNAVA1$a343-C/14$b35114$d20020201 996 $aCorso di diritto agrario$967171 997 $aUNIPARTHENOPE LEADER 01656nas 2200541-a 450 001 996321101403316 005 20230217213020.0 011 $a1179-1489 035 $a(DE-599)ZDB2521247-3 035 $a(OCoLC)506337433 035 $a(CKB)2490000000000566 035 $a(CONSER)--2012254635 035 $a(EXLCZ)992490000000000566 100 $a20081121a20099999 --- a 101 0 $aeng 135 $aur||||||||||| 181 $ctxt$2rdacontent 182 $cc$2rdamedia 183 $acr$2rdacarrier 200 00$aNutrition and dietary supplements 210 $a[Auckland, N.Z.] $cDove Medical Press$d©2009- 215 $a1 online resource 300 $aRefereed/Peer-reviewed 300 $aArchived by the National Library of New Zealand. 531 10$aNutr Diet Suppl 531 1 $aNutr. diet. suppl. 606 $aNutrition$vPeriodicals 606 $aDietary supplements$vPeriodicals 606 $aDietary Supplements 606 $aNutritional Physiological Phenomena 606 $aDietary Supplements$2ebps 606 $aDietary supplements$2fast$3(OCoLC)fst00893336 606 $aNutrition$2fast$3(OCoLC)fst01042187 608 $aPeriodical. 608 $aPeriodicals.$2fast 610 $aPublic Health - General 615 0$aNutrition 615 0$aDietary supplements 615 12$aDietary Supplements. 615 12$aNutritional Physiological Phenomena. 615 7$aDietary Supplements. 615 7$aDietary supplements. 615 7$aNutrition. 676 $a613.205 906 $aJOURNAL 912 $a996321101403316 996 $aNutrition and dietary supplements$91973119 997 $aUNISA